00489nam a2200157Ia 4500008004100000020001400041082001700055100002500072245007400097250000800171260003300179300002900212500001900241600002100260650005000281240925s9999 xx 000 0 und d a879306041 a005.1721 JEA aJean , J. Labrosse 0aEmbedded Systems Building Blocks: complete and ready to-use modules c a2nd aNew York:bCMP Booksc,2002. axiv,1590p.bNAfOriginal aIncludes Index aComputer Science aComputer science, information & general works